[Event "Split op 12th"]
[Site "Split"]
[Date "2023.08.06"]
[Round "3"]
[White "Gut, Lionel"]
[Black "Maksimovic, Bojan"]
[Result "0-1"]
[WhiteElo "2125"]
[BlackElo "2476"]
[PlyCount "90"]
[EventDate "2023.08.05"]
[EventType "swiss"]
[EventRounds "9"]
[EventCountry "CRO"]
[SourceTitle "CBM 215 Extra"]
[Source "ChessBase"]
[SourceDate "2023.09.30"]
[SourceVersion "1"]
[SourceVersionDate "2023.09.30"]
[SourceQuality "1"]

1. d4 Nf6 2. c4 g6 3. Nc3 Bg7 4. e4 d6 5. Be2 Nbd7 6. Be3 e5 7. Nf3 0-0 8. 0-0 c6 9. Rc1 Qe7 10. Qc2 exd4 11. Nxd4 Re8 12. f3 d5 13. cxd5 cxd5 14. Ndb5 dxe4 15. Bf4 exf3 16. Bxf3 Ne5 17. Bxe5 Qxe5 18. Qf2 Bh6 19. Rce1 Be3 20. Rxe3 Qxe3 21. Nc7 Qxf2+ 22. Kxf2 Bd7 23. Nxa8 Rxa8 24. Rd1 Rc8 25. Ke3 Bc6 26. Rd6 Bxf3 27. Kxf3 Kg7 28. g4 Rc5 29. h4 h6 30. a3 Rc4 31. g5 hxg5 32. hxg5 Nh7 33. Ne4 Nf8 34. b3 Rc7 35. Rd8 Ne6 36. Ra8 a6 37. Kg4 Rd7 38. Rb8 a5 39. Ra8 Rd4 40. Kf3 Rd5 41. Rb8 b5 42. Ra8 Rf5+ 43. Ke3 Nxg5 44. Nxg5 Rxg5 45. Rxa5 Rg3+ 0-1

[Event "Schaffhausen op"]
[Site "Schaffhausen"]
[Date "2023.01.04"]
[Round "4"]
[White "Doenitz, Christian"]
[Black "Gut, Lionel"]
[Result "1/2-1/2"]
[WhiteElo "2027"]
[BlackElo "1900"]
[PlyCount "48"]
[EventDate "2023.01.02"]
[EventType "swiss"]
[EventRounds "5"]
[EventCountry "SUI"]
[SourceTitle "CBM 212 Extra"]
[Source "ChessBase"]
[SourceDate "2023.03.31"]
[SourceVersion "1"]
[SourceVersionDate "2023.03.31"]
[SourceQuality "1"]

1. e4 c5 2. Nc3 d6 3. d4 cxd4 4. Qxd4 Nc6 5. Qd2 g6 6. b3 Bh6 7. f4 Nf6 8. Bb2 0-0 9. 0-0-0 e5 10. g3 Re8 11. Kb1 Nd4 12. Bg2 Bg4 13. Re1 b5 14. h3 Bd7 15. Nf3 Nxf3 16. Bxf3 Qb6 17. Rd1 b4 18. Ne2 Bc6 19. Qxd6 Nxe4 20. Bxe4 Bxe4 21. Qxb6 axb6 22. Rhf1 Rac8 23. Rd2 exf4 24. Nxf4 Bg7 1/2-1/2

[Event "EU-ch U14 30th"]
[Site "Antalya"]
[Date "2022.11.09"]
[Round "4"]
[White "Kvaloy, Aksel Bu"]
[Black "Gut, Lionel"]
[Result "1-0"]
[WhiteElo "2272"]
[BlackElo "1922"]
[PlyCount "51"]
[EventDate "2022.11.06"]
[EventType "swiss"]
[EventRounds "9"]
[EventCountry "TUR"]
[SourceTitle "EXT 2024"]
[Source "ChessBase"]
[SourceDate "2023.10.10"]
[SourceVersion "1"]
[SourceVersionDate "2023.10.10"]
[SourceQuality "1"]

1. e4 c5 2. Nf3 d6 3. d4 cxd4 4. Nxd4 Nf6 5. Nc3 a6 6. Bg5 Nbd7 7. Bc4 Qb6 8. Bb3 e6 9. Bxf6 Nxf6 10. Qd2 Be7 11. 0-0-0 Bd7 12. f4 Qc7 13. g4 b5 14. a3 Qb7 15. g5 Nxe4 16. Nxe4 Qxe4 17. Rhe1 Qg6 18. h4 Qh5 19. Nf5 Bf8 20. Nxd6+ Bxd6 21. Qxd6 0-0-0 22. Re5 Qxd1+ 23. Qxd1 Bc6 24. Qg1 Rd6 25. c3 Kb7 26. f5 1-0

[Event "EU-ch U14 30th"]
[Site "Antalya"]
[Date "2022.11.06"]
[Round "1"]
[White "Gut, Lionel"]
[Black "Magold, Filip"]
[Result "0-1"]
[WhiteElo "1922"]
[BlackElo "2281"]
[PlyCount "155"]
[EventDate "2022.11.06"]
[EventType "swiss"]
[EventRounds "9"]
[EventCountry "TUR"]
[SourceTitle "CBM 211 Extra"]
[Source "ChessBase"]
[SourceDate "2023.01.31"]
[SourceVersion "1"]
[SourceVersionDate "2023.01.31"]
[SourceQuality "1"]

1. d4 Nf6 2. c4 e6 3. Nc3 Bb4 4. Qc2 c5 5. dxc5 0-0 6. a3 Bxc5 7. Nf3 Be7 8. Bg5 a6 9. e3 d6 10. Be2 Nbd7 11. 0-0 b6 12. Rfd1 Bb7 13. b4 Qc7 14. Qb3 Rac8 15. Rac1 Rfe8 16. h3 Qb8 17. Bh4 Bf8 18. Bg3 e5 19. Na4 Qa8 20. Ne1 Rc7 21. Bf3 Rec8 22. Bxb7 Qxb7 23. Nb2 Ne4 24. Bh2 b5 25. Ned3 bxc4 26. Rxc4 Nb6 27. Rxc7 Qxc7 28. Kf1 Qc3 29. Qxc3 Rxc3 30. a4 Ra3 31. a5 Nd5 32. Nc4 Rb3 33. f3 Nec3 34. Rc1 Na2 35. Rd1 Ndc3 36. Re1 Nxb4 37. Nd2 Nxd3 38. Nxb3 Nxe1 39. Kxe1 f6 40. Kd2 Nb5 41. e4 Kf7 42. Bg1 Ke6 43. Kd3 Kd7 44. Nd2 Kc6 45. Nc4 d5 46. exd5+ Kxd5 47. Nb6+ Kc6 48. Nc4 Bb4 49. Bb6 Nc3 50. Ne3 Nd5 51. Nc2 Be7 52. Kc4 Nxb6+ 53. axb6 Kxb6 54. Ne3 Kc6 55. Nd5 Bc5 56. Nc3 a5 57. Ne4 Bf8 58. Nc3 h6 59. g4 Bb4 60. Nd5 Bd2 61. Ne7+ Kd7 62. Nd5 Ke6 63. Nc7+ Kf7 64. Kd3 Be1 65. Nd5 a4 66. Kc2 Ba5 67. Kb2 Ke6 68. Ne3 Bb4 69. Nf5 g6 70. Nh4 Kf7 71. Ng2 f5 72. gxf5 gxf5 73. Ne3 Ke6 74. Nc2 Bc5 75. Ne1 e4 76. fxe4 fxe4 77. Kc3 Kd5 78. Nc2 0-1

[Event "SUI-ch U14"]
[Site "Biel"]
[Date "2022.07.18"]
[Round "2"]
[White "Gut, Lionel"]
[Black "Arsenie, Cristian Marc"]
[Result "0-1"]
[WhiteElo "1957"]
[BlackElo "2001"]
[PlyCount "78"]
[EventDate "2022.07.18"]
[EventType "swiss"]
[EventRounds "7"]
[EventCountry "SUI"]
[SourceTitle "EXT 2023"]
[Source "ChessBase"]
[SourceDate "2022.10.05"]
[SourceVersion "1"]
[SourceVersionDate "2022.10.05"]
[SourceQuality "1"]

1. d4 Nf6 2. c4 e6 3. Nc3 Bb4 4. Qc2 d5 5. a3 Bxc3+ 6. Qxc3 0-0 7. Bg5 c5 8. dxc5 d4 9. Qc2 h6 10. Bf4 Nc6 11. Nf3 Re8 12. e4 e5 13. Bd2 a5 14. Be2 Nd7 15. 0-0 Nxc5 16. Bd3 a4 17. Bb4 Nxd3 18. Qxd3 f5 19. Rfe1 f4 20. Kh1 Qb6 21. c5 Nxb4 22. Qc4+ Be6 23. Qxb4 Qxb4 24. axb4 Bb3 25. Nd2 Bc2 26. Ra3 d3 27. Rea1 Rad8 28. Rc3 Rd4 29. Rc4 Red8 30. b5 Rxc4 31. Nxc4 d2 32. Nxd2 Rxd2 33. h4 Rd4 34. Ra3 Rc4 35. c6 bxc6 36. bxc6 Rxc6 37. f3 Bb3 38. Ra1 Rc2 39. Rb1 Ba2 0-1

[Event "SUI-ch TP1"]
[Site "Payerne"]
[Date "2022.05.26"]
[Round "1"]
[White "Gut, Lionel"]
[Black "Willems, Niels"]
[Result "1/2-1/2"]
[WhiteElo "1962"]
[BlackElo "2338"]
[PlyCount "173"]
[EventDate "2022.05.26"]
[EventType "swiss"]
[EventRounds "7"]
[EventCountry "SUI"]
[SourceTitle "CBM 208 Extra"]
[Source "ChessBase"]
[SourceDate "2022.07.31"]
[SourceVersion "1"]
[SourceVersionDate "2022.07.31"]
[SourceQuality "1"]

1. d4 Nf6 2. c4 c5 3. d5 b5 4. cxb5 a6 5. bxa6 g6 6. Nc3 Bg7 7. e4 0-0 8. Nf3 Qa5 9. Bd2 Bxa6 10. Bxa6 Qxa6 11. Qe2 d6 12. Qxa6 Nxa6 13. 0-0 Rfb8 14. Rab1 Nb4 15. a4 Rb7 16. Bg5 h6 17. Bxf6 Bxf6 18. Rfd1 Nc2 19. e5 Bg7 20. exd6 exd6 21. Nb5 Rxa4 22. Nxd6 Rb8 23. b3 Ra2 24. Nc4 Nd4 25. d6 Bf6 26. Nxd4 Bxd4 27. b4 Bxf2+ 28. Kf1 cxb4 29. d7 Bh4 30. Ne5 Rc2 31. Rdc1 Rxc1+ 32. Rxc1 Rd8 33. Rd1 b3 34. Nc6 Ra8 35. Rb1 Ra6 36. d8Q+ Bxd8 37. Nxd8 Rb6 38. Kf2 Kf8 39. Kf3 Ke7 40. Nc6+ Rxc6 41. Rxb3 Kf6 42. Ra3 Kg5 43. Kg3 Rc4 44. h3 f5 45. Rb3 Kh5 46. Rb5 Rc3+ 47. Kh2 Re3 48. Rc5 Kg5 49. Rb5 h5 50. Rc5 Kf4 51. Rc4+ Re4 52. Rc3 h4 53. Rc8 g5 54. Rh8 Ke3 55. Rg8 Kf4 56. Rh8 Re2 57. Rh7 Re5 58. Rg7 Rd5 59. Rg8 Rd1 60. Rh8 Ke5 61. Re8+ Kf6 62. Rf8+ Kg6 63. Rg8+ Kh6 64. Rf8 Rf1 65. Rg8 Kh5 66. Rg7 Re1 67. Rg8 Rd1 68. Rf8 Rf1 69. Rg8 Kh6 70. Rh8+ Kg7 71. Rh5 Kg6 72. Rh8 Rc1 73. Rg8+ Kh6 74. Rf8 g4 75. hxg4 fxg4 76. Rh8+ Kg5 77. Rg8+ Kf5 78. Rf8+ Ke6 79. Re8+ Kf7 80. Rh8 g3+ 81. Kh3 Rh1+ 82. Kg4 Rh2 83. Rxh4 Rxg2 84. Kf3 Rg1 85. Rg4 g2 86. Rxg2 Rxg2 87. Kxg2 1/2-1/2

[Event "Baden-Baden Swiss 1st"]
[Site "Baden-Baden"]
[Date "2021.09.11"]
[Round "4"]
[White "Gut, Lionel"]
[Black "Richter, Nils"]
[Result "0-1"]
[WhiteElo "1866"]
[BlackElo "2267"]
[PlyCount "94"]
[EventDate "2021.09.09"]
[EventType "swiss"]
[EventRounds "9"]
[EventCountry "GER"]
[SourceTitle "CBM 204 Extra"]
[Source "ChessBase"]
[SourceDate "2021.11.30"]
[SourceVersion "1"]
[SourceVersionDate "2021.11.30"]
[SourceQuality "1"]

1. d4 Nf6 2. c4 e6 3. Nc3 Bb4 4. Qc2 0-0 5. a3 Bxc3+ 6. Qxc3 b6 7. Bg5 h6 8. Bh4 Ba6 9. e3 d6 10. Bd3 Nbd7 11. Ne2 c5 12. 0-0 Rc8 13. Rac1 cxd4 14. exd4 d5 15. Qb3 dxc4 16. Bxc4 Bxc4 17. Rxc4 Rxc4 18. Qxc4 Qa8 19. Nc3 Ne4 20. Nxe4 Qxe4 21. Bg3 Nf6 22. h3 Nd5 23. Qa4 Rc8 24. Be5 f6 25. Bg3 Rc2 26. Qb3 Re2 27. Kh1 Ne3 28. Rg1 Nf5 29. Qc3 Rc2 30. Qe1 Qxe1 31. Rxe1 Nxd4 32. b4 Ra2 33. Re3 e5 34. Rd3 Nb5 35. f4 Rxa3 36. Rxa3 Nxa3 37. fxe5 a5 38. bxa5 bxa5 39. Kg1 a4 40. exf6 gxf6 41. Be1 Nc2 42. Bc3 Kf7 43. Kf2 a3 44. Kf3 a2 45. Kg4 Kg6 46. h4 h5+ 47. Kf4 f5 0-1

[Event "Ascona op 14th"]
[Site "Ascona"]
[Date "2021.03.27"]
[Round "2"]
[White "Gut, Lionel"]
[Black "Boschetti, Claudio"]
[Result "0-1"]
[WhiteElo "1748"]
[BlackElo "2028"]
[PlyCount "46"]
[EventDate "2021.03.26"]
[EventType "swiss"]
[EventRounds "5"]
[EventCountry "SUI"]
[SourceTitle "CBM 202 Extra"]
[Source "ChessBase"]
[SourceDate "2021.07.31"]
[SourceVersion "1"]
[SourceVersionDate "2021.07.31"]
[SourceQuality "1"]

1. d4 Nf6 2. c4 e5 3. dxe5 Ng4 4. e3 d6 5. exd6 Bxd6 6. Be2 h5 7. Nf3 Nc6 8. Nc3 Be6 9. a3 Nce5 10. Nd4 Qh4 11. g3 Qe7 12. Nxe6 Qxe6 13. Nb5 0-0-0 14. Qc2 Qf6 15. f4 Bc5 16. Qe4 Rhe8 17. 0-0 Nd3 18. Bxg4+ hxg4 19. Qg2 Nxc1 20. Raxc1 Bxe3+ 21. Kh1 Rd2 22. Nxa7+ Kb8 23. Nc6+ bxc6 0-1

[Event "Zuerich Christmas op 44th"]
[Site "Tornelo INT"]
[Date "2020.12.27"]
[Round "3"]
[White "Jaggy, Matteo"]
[Black "Gut, Lionel"]
[Result "1-0"]
[WhiteElo "1887"]
[BlackElo "1748"]
[PlyCount "127"]
[EventDate "2020.12.26"]
[EventType "swiss"]
[EventRounds "7"]
[EventCountry "SUI"]
[SourceTitle "CBM 200 Extra"]
[Source "ChessBase"]
[SourceDate "2021.03.31"]
[SourceVersion "1"]
[SourceVersionDate "2021.03.31"]
[SourceQuality "1"]

1. d4 d5 2. c4 e6 3. Nf3 Nf6 4. g3 dxc4 5. Bg2 Bd7 6. 0-0 Bc6 7. Qc2 b5 8. b3 cxb3 9. axb3 Be7 10. Nbd2 0-0 11. Bb2 Bb7 12. Rfc1 c6 13. Ne5 a6 14. Bxc6 Nxc6 15. Nxc6 Qd7 16. Nxe7+ Qxe7 17. Ba3 b4 18. Qc7 Qxc7 19. Rxc7 Rfb8 20. Bxb4 Bd5 21. Be7 Bxb3 22. Nxb3 Rxb3 23. Rxa6 Rab8 24. Bxf6 gxf6 25. Raa7 Rf8 26. e4 Rd3 27. Rd7 f5 28. exf5 exf5 29. Ra5 f4 30. g4 f3 31. h3 Re8 32. Rg5+ Kf8 33. Rf5 Re7 34. Rxe7 Kxe7 35. Rh5 Rxd4 36. Kh2 Kf6 37. Rxh7 Kg6 38. Rh5 Rf4 39. Kg3 Rf6 40. Ra5 Rd6 41. Rf5 Rd1 42. Kxf3 Rd3+ 43. Kg2 Rd4 44. Kg3 Rd3+ 45. f3 Rd1 46. h4 Rg1+ 47. Kf4 Ra1 48. h5+ Kg7 49. Kg5 Ra6 50. h6+ Kg8 51. f4 Rg6+ 52. Kh5 Ra6 53. Rg5+ Kh8 54. Rb5 Ra1 55. Rb8+ Kh7 56. Rb7 Kg8 57. h7+ Kxh7 58. Rxf7+ Kg8 59. Rb7 Rh1+ 60. Kg6 Kf8 61. f5 Ra1 62. g5 Ra6+ 63. f6 Ra8 64. Rh7 1-0

[Event "Zuerich Christmas op 44th"]
[Site "Tornelo INT"]
[Date "2020.12.27"]
[Round "2"]
[White "Schlegel, Igor"]
[Black "Gut, Lionel"]
[Result "0-1"]
[WhiteElo "2020"]
[BlackElo "1748"]
[PlyCount "58"]
[EventDate "2020.12.26"]
[EventType "swiss"]
[EventRounds "7"]
[EventCountry "SUI"]
[SourceTitle "CBM 200 Extra"]
[Source "ChessBase"]
[SourceDate "2021.03.31"]
[SourceVersion "1"]
[SourceVersionDate "2021.03.31"]
[SourceQuality "1"]

1. e4 c5 2. Nf3 e6 3. d4 cxd4 4. Nxd4 a6 5. Nc3 Qc7 6. Bd3 Nf6 7. 0-0 Nc6 8. Nxc6 dxc6 9. Kh1 Be7 10. f4 0-0 11. e5 Nd5 12. Ne4 Rd8 13. Qh5 g6 14. Qh6 Bf8 15. Qh4 b5 16. Rf3 Bg7 17. Nf6+ Nxf6 18. exf6 Bf8 19. f5 exf5 20. Bh6 Bd6 21. Bxf5 Bxf5 22. Rxf5 Qd7 23. Rf3 Bc5 24. Raf1 Qd4 25. Rf4 Qe5 26. Bg7 Be3 27. Re4 Qg5 28. Qe1 Rd2 29. Qxe3 Qxg2# 0-1

[Event "Lugano Paradiso op"]
[Site "Lugano"]
[Date "2020.10.04"]
[Round "5"]
[White "Paleologu, Vladimir"]
[Black "Gut, Lionel"]
[Result "1-0"]
[WhiteElo "2068"]
[BlackElo "1737"]
[PlyCount "113"]
[EventDate "2020.10.02"]
[EventType "swiss"]
[EventRounds "5"]
[EventCountry "SUI"]
[SourceTitle "CBM 198 Extra"]
[Source "ChessBase"]
[SourceDate "2020.11.30"]
[SourceVersion "1"]
[SourceVersionDate "2020.11.30"]
[SourceQuality "1"]

1. e4 c5 2. Nc3 Nc6 3. Nge2 e5 4. Nd5 d6 5. Nec3 Be6 6. Bc4 Nd4 7. d3 Rb8 8. a4 Be7 9. Nb5 Bxd5 10. Bxd5 Nf6 11. Bc4 0-0 12. Nc3 a6 13. Bg5 Nd7 14. Bxe7 Qxe7 15. Nd5 Qg5 16. Kf1 b5 17. h4 Qd8 18. axb5 axb5 19. Ba2 Nb6 20. Ne3 Qd7 21. c3 Ne6 22. g3 c4 23. Kg2 Qb7 24. Qg4 d5 25. Kh2 d4 26. Nf5 g6 27. h5 Qd7 28. Rad1 Ra8 29. Bb1 Kh8 30. Nh4 g5 31. Nf5 f6 32. h6 Rf7 33. Rhg1 Na4 34. Qe2 dxc3 35. dxc4 Qc7 36. Nd6 Rff8 37. Nxb5 Qc5 38. bxc3 Nb6 39. Ba2 g4 40. Rd2 Ng5 41. Qxg4 Nxc4 42. Bxc4 Qxc4 43. Qd7 Rg8 44. Nd6 Qxc3 45. Rd3 Qc2 46. Rd2 Qc3 47. Rgd1 Raf8 48. Rd3 Qc5 49. Kg2 Rg6 50. Qe7 Ne6 51. Qxe6 Qa7 52. Nf5 Qb7 53. Qd5 Qa7 54. Rb3 Qc7 55. Rb7 Qc2 56. Rd2 Qc1 57. Qd7 1-0

[Event "EU-ch U10"]
[Site "Bratislava"]
[Date "2019.08.03"]
[Round "2"]
[White "Vetokhin, Savva"]
[Black "Gut, Lionel"]
[Result "1-0"]
[WhiteElo "2016"]
[BlackElo "1663"]
[PlyCount "81"]
[EventDate "2019.08.02"]
[EventType "swiss"]
[EventRounds "9"]
[EventCountry "SVK"]
[SourceTitle "EXT 2020"]
[Source "ChessBase"]
[SourceDate "2019.10.17"]
[SourceVersion "1"]
[SourceVersionDate "2019.10.17"]
[SourceQuality "1"]

1. e4 c5 2. Nf3 e6 3. c4 d6 4. Nc3 Nf6 5. d4 cxd4 6. Nxd4 a6 7. Be2 Be7 8. 0-0 0-0 9. Be3 b6 10. Qd2 Bb7 11. f3 Nbd7 12. Rfc1 Rc8 13. a4 Ne5 14. b3 Re8 15. Nc2 Bf8 16. Rd1 Ng6 17. Qe1 Qc7 18. Rac1 Ba8 19. Nb4 Bb7 20. Nd3 Ba8 21. Rc2 d5 22. exd5 exd5 23. Qf2 dxc4 24. bxc4 Re6 25. Rb1 Bc5 26. Nxc5 bxc5 27. Nd5 Nxd5 28. cxd5 Bxd5 29. Rxc5 Qd7 30. Rxc8+ Qxc8 31. Ba7 Qc2 32. Rb8+ Nf8 33. Qc5 Qxc5+ 34. Bxc5 h6 35. Rxf8+ Kh7 36. Bd3+ g6 37. Rxf7+ Kg8 38. Rf8+ Kg7 39. Rd8 Bc6 40. Bd4+ Kf7 41. Bc4 1-0

[Event "EU-ch U10"]
[Site "Bratislava"]
[Date "2019.08.02"]
[Round "1"]
[White "Gut, Lionel"]
[Black "Dolnik, Michal"]
[Result "1-0"]
[WhiteElo "1663"]
[BlackElo "1251"]
[PlyCount "77"]
[EventDate "2019.08.02"]
[EventType "swiss"]
[EventRounds "9"]
[EventCountry "SVK"]
[SourceTitle "EXT 2020"]
[Source "ChessBase"]
[SourceDate "2019.10.17"]
[SourceVersion "1"]
[SourceVersionDate "2019.10.17"]
[SourceQuality "1"]

1. d4 d5 2. c4 e6 3. Nc3 Bb4 4. e3 Nf6 5. Bd2 0-0 6. Nf3 Qe7 7. a3 Bxc3 8. Bxc3 Nc6 9. Bd3 dxc4 10. Bxc4 Ne4 11. Qc2 Nxc3 12. Qxc3 a6 13. 0-0 b6 14. Bd3 Bb7 15. Qc2 h6 16. Be4 Qd7 17. Rac1 Na5 18. Bxb7 Nxb7 19. Qxc7 Qxc7 20. Rxc7 Nd6 21. Rc6 Ne4 22. Rxb6 Rfc8 23. Ne5 Nd2 24. Rd1 Ra7 25. Nd3 Nc4 26. Rb4 a5 27. Rb3 Nd6 28. Nc5 a4 29. Rb4 Rac7 30. Rxa4 Ne4 31. Nxe4 Rc1 32. Rf1 Kh7 33. Nc3 Rc2 34. Rb1 f6 35. h3 Rb8 36. Rb4 Rc8 37. a4 e5 38. d5 Rd8 39. Rd1 1-0